Rizika nových opatření Evropské centrální banky

Zasadnutie Rady guvernérov Európskej centrálnej banky a opatrenia zamerané na menovú politiku a podporu úverov reálnej ekonomiky. Ekonomický rast a úroveň inflácie. Ekonomické rozdiely medzi krajinami eurozóny.

Salvato in:
Dettagli Bibliografici
Autore principale: Neumann, Stanislav
Natura: Capitolo di libro
Lingua:ceco
Soggetti:
Tags: Aggiungi Tag
Nessun Tag, puoi essere il primo ad aggiungerne!!

MARC

LEADER 00000naa a2200000 4500
001 0191445
005 20231211083431.6
041 0 |a cze 
044 |a CZ 
245 1 0 |a Rizika nových opatření Evropské centrální banky  |c Stanislav Neumann 
520 |a Zasadnutie Rady guvernérov Európskej centrálnej banky a opatrenia zamerané na menovú politiku a podporu úverov reálnej ekonomiky. Ekonomický rast a úroveň inflácie. Ekonomické rozdiely medzi krajinami eurozóny. 
610 2 0 |a bankovníctvo 
610 2 0 |a banky centrálne 
610 2 0 |a politika menová 
610 2 0 |a Európska centrálna banka 
610 2 0 |a Európska menová únia 
610 2 0 |a nástroje bankové 
610 2 0 |a inflácia 
610 2 0 |a eurozóna 
100 1 |a Neumann, Stanislav